| 000 | 00816nam a22002297a 4500 | ||
|---|---|---|---|
| 999 |
_c5938 _d5938 |
||
| 003 | AR-CdUCM | ||
| 008 | 190313b ||||| |||| 00| 0 spa d | ||
| 040 |
_aMUNICIPALIDAD PROVINCIAL DEL CUSCO _cBIBLIOTECA MUNICIPAL DEL CUSCO |
||
| 082 |
_a860.82 / _bL32 |
||
| 100 |
_aLazarillo de Tormes _917448 |
||
| 245 |
_aLa vida de Lazarillo de Tormes : _bY de sus fortunas y adversidades / |
||
| 260 |
_aLima : _bEdiciones Nuevo Mundo, _c1959. |
||
| 300 |
_a94 paginas ; _c17 cm. |
||
| 440 |
_aEscritores latinoamericanos _91888 |
||
| 500 | _aDonación de la familia Nieto. | ||
| 505 | _aContenido :La vida de Lazarillo de Tormes y de sus fortunas y adversidades. | ||
| 650 |
_aNovelas españolas _9584 |
||
| 650 |
_aLiteratura española _9362 |
||
| 650 |
_aBibliografías _9991 |
||
| 942 |
_2ddc _cLIBROS |
||
| 945 | _arum | ||